|
|
|
|
| LEADER |
00000cam a2200000 a 4500 |
| 001 |
vtls008396786 |
| 003 |
SK-MaSNL |
| 005 |
20260311122720.0 |
| 008 |
230403s1949 xo 000 s slo |
| 015 |
|
|
|a SNBA19451955-010881
|
| 035 |
|
|
|a SK01SNKBKSFS20010089003
|
| 035 |
|
|
|a urn:nbn:sk:snk-am3hxcw
|
| 035 |
|
|
|a F9E77233-A795-467A-9856-D191573CDD01
|
| 035 |
|
|
|a urn:nbn:sk:snk-am00dcc5
|
| 035 |
|
|
|a SKM000091466
|
| 040 |
|
|
|a SNK
|b slo
|c SNK
|e AACR2
|
| 041 |
0 |
|
|a slo
|
| 044 |
|
|
|a xo
|c SK
|
| 080 |
|
|
|a 338(437)
|2 1981
|
| 100 |
1 |
|
|a Slánský, Rudolf,
|d 1901-1952
|4 aut
|9 166907
|
| 245 |
1 |
0 |
|a Vedúca úloha KSČ v našom hospodárstve
|c Rudolf Slánský
|
| 246 |
3 |
4 |
|a O vedúcej úlohe KSČ v našom hospodárstve
|
| 260 |
|
|
|a Bratislava
|b Pravda
|c 1949
|e Košice
|f Wiko
|
| 300 |
|
|
|a 15, [1] s.
|c V. 8°
|
| 490 |
1 |
|
|a Problémy ekonomie ľudovej demokracie
|v sv. 1
|
| 500 |
|
|
|a Referát z ústrednej konferencie ideových a výchovných pracovníkov v Prahe 1.-3. apríla 1949
|
| 500 |
|
|
|a Vydalo Kultúrno-propagačné oddelenie ÚV KSS v nakladateľstve Pravda
|
| 610 |
|
7 |
|a Komunistická strana Československa
|2 SNKKA
|9 32256
|
| 650 |
0 |
7 |
|a národné hospodárstvo
|2 SNKPH
|9 846
|
| 650 |
0 |
7 |
|a hospodárske plány
|2 SNKPH
|9 2286
|
| 651 |
|
7 |
|a Československo
|2 SNKPHgeo
|9 21376
|
| 655 |
|
7 |
|a referáty
|2 SNKPH
|9 70611
|
| 710 |
2 |
|
|a Komunistická strana Slovenska.
|b Ústredný výbor
|4 pbl
|9 186489
|
| 830 |
|
0 |
|a Problémy ekonomie ľudovej demokracie
|9 357235
|
| 852 |
|
|
|a Slovenská národná knižnica
|
| 954 |
|
|
|a odborná, vedecká literatúra pôvodná (slovenská)
|2 lita
|
| 958 |
|
|
|a OND
|
| 958 |
|
|
|a RK
|
| 958 |
|
|
|a TL
|
| 958 |
|
|
|a EUIPO
|
| 999 |
|
|
|c 602005
|d 603935
|
| 952 |
|
|
|a SNK
|b SNK
|y PREZ
|7 0
|p 17A0105622
|o snkSD 6535/1
|i snk6593/49
|0 0
|1 0
|4 0
|d 2009-05-26
|f 1
|l 0
|r 2025-11-14 00:00:00
|w 2026-02-23
|
| 952 |
|
|
|a SNK
|b SNK
|y VYP
|7 0
|p 17A0616822
|o snkSD 6535/1 D1
|i snkD 287/65
|8 1
|0 0
|1 0
|4 0
|d 2009-05-27
|l 0
|r 2026-02-23 15:57:43
|w 2026-02-23
|
| 952 |
|
|
|a SNK
|b SNK
|y VYP
|7 0
|p 17A0621302
|o snkSD 6535/1 D2
|i snkKSF 3342/56
|8 5
|0 0
|1 0
|4 0
|d 2009-05-26
|l 0
|r 2026-02-23 15:57:43
|w 2026-02-23
|